000 02644nam a22003377a 4500
003 BO-EaUP
005 20260408101721.0
008 260407t2020 bo ||||| |||| 00| 0 spa d
020 _a978-99974-60-96-7
040 _aBiblioteca I.P.E.
_bspa
_cBiblioteca Ingeniería en Producción Empresarial
_eRDA
041 _aspa
_hspa
043 _as - bo
082 _221
_a363. 19
092 _a363. 19
_SV297e
100 _aVargas Choque, Javier G.
_cAutor
_eArq.
_96183
245 _aEnsayos y control de hormigones /
_cJavier G. Vargas Choque
250 _aPrimera edición
260 _aOruro - Bolivia :
_bLatinas editores ,
_c2020
300 _a144, páginas :
_bIlustraciones, gráficas, tapa blanda ;
_c25 x 18 centímetros
_gcarta
336 _2rdacontent
_atexto
_btxt
337 _2rdamedia
_ano mediado
_bn
338 _avolumen
_bnc
505 _a1. Cemento Portland - 2. Constituyentes del cemento - 3. Hormigón - Laboratorio Nº 1 Extracción y preparación de muestras - Laboratorio Nº 2 Contenido de humedad en el agregado fino y grueso - Laboratorio Nº 3 Determinación por lavado del material tamiz Nº200 - Laboratorio Nº 4 Peso especifico absorción del agregado grueso - Laboratorio Nº 5 Peso especifico y absorción del agregado fino - Laboratorio Nº 6 Peso unitario y vacíos de los agregados - Laboratorio Nº 7 Análisis por tamiz de los agregados "granulometría" - Laboratorio Nº 8 Valores del equivalente del agregado fino - Laboratorio Nº 9 Determinación del asentamiento - Laboratorio Nº 10 Extracción de muestras de hormigón fresco - Laboratorio Nº 11 Tiempo de fraguado de mesclas de hormigón - Laboratorio Nº 12 Confección y curado de probetas cilíndricas - Laboratorio Nº 13 Ensayo de comprensión de probetas de hormigón - Laboratorio Nº 14 Resistencia a flexión de hormigón "vigas" - Laboratorio Nº 15 Contenido de aire en el hormigón fresco - Diseño de mesclas de concreto " Método ACI" /Bibliografía.
520 _aEste es un libro en el cual se exponen las nociones esenciales del arte del hormigón; es un guía, pues con este libro en la mano del controlador principiante sera guiado en el laberinto de normas, reglamentos diversos, recomendaciones; también es una guía las prevenciones concernientes a los procedimientos de laboratorio según su importancia, pues se encuentra bien descritos y clasificados todos los análisis y ensayos que un controlador tiene que realizar según los casos mas variados.
546 _aEspañol
653 _aENSAYOS DE CONTROL
653 _aCONTROLADOR
653 _aCEMENTO
653 _aHORMIGON
942 _2ddc
_cBK
_n0
999 _c5467
_d5467